000 00419nam a2200121Ia 4500
008 220616s9999||||xx |||||||||||||| ||und||
245 0 _aRecent Advances on Meta-Heuristics and Their Application to Real Scenarios
546 _aEnglish[eng]
650 _aNeural networks & fuzzy systems
700 _aDel Ser, Javier
856 _uhttps://mts.intechopen.com/storage/books/3135/authors_book/authors_book.pdf
942 _cEB
999 _c20167
_d20167